[Event "1st Kalamaria Open"]
[Site "Thessaloniki GRE"]
[Date "2004.09.05"]
[Round "3"]
[White "Exizoglou,D"]
[Black "Dimitrov,V"]
[Result "0-1"]
[WhiteElo "2194"]
[BlackElo "2458"]

1.e4 c5 2.Nf3 e6 3.d4 cxd4 4.Nxd4 Nc6 5.Nc3 Qc7 6.Be3 a6 7.Bd3 Nf6 8.O-O Ne5
9.h3 Bc5 10.Qe2 d6 11.Nb3 Bxe3 12.Qxe3 b5 13.f4 Ng6 14.a3 O-O 15.Rae1 Bb7
16.Nd4 Rae8 17.Qf2 e5 18.Nde2 exf4 19.Nxf4 Nxf4 20.Qxf4 Re5 21.Qg3 Qe7 22.Rf5 Re8
23.Rxe5 dxe5 24.Rf1 g6 25.Qe3 Kg7 26.Qb6 Nh5 27.Qe3 Rd8 28.Ne2 Nf6 29.Kh2 h6
30.Qb6 Nxe4 31.Qe3 Nf6 32.Ng3 e4 33.Be2 Qe5 34.Kh1 Qxb2 35.c3 Qxa3 36.Qb6 Qd6
37.Qxb7 Qxg3 38.Qxa6 Qxc3 39.Qxb5 Rd5 40.Qa6 Rf5 41.Rg1 Rf2 42.Bc4 Nh5 43.Qa1 Qxa1
44.Rxa1 Rc2 45.Bb3 Rc3 46.Bd5 f5 47.Ra6 Ng3+ 48.Kh2 f4 49.Ra1 Kf6  0-1

[Event "Open"]
[Site "Pune IND"]
[Date "2004.09.06"]
[Round "4"]
[White "Iuldachev,S"]
[Black "Satyapragyan,S"]
[Result "1-0"]
[WhiteElo "2550"]
[BlackElo "2363"]

1.e4 c5 2.Nf3 e6 3.d4 cxd4 4.Nxd4 Nc6 5.Nc3 Qc7 6.Be3 a6 7.Qd2 Nf6 8.O-O-O Bb4
9.f3 Ne5 10.Nb3 b5 11.Qe1 Bxc3 12.Qxc3 Qxc3 13.bxc3 Nc6 14.c4 bxc4 15.Bxc4 a5
16.Bb5 Ba6 17.Bxa6 O-O 18.Nc5 Rac8 19.Bf4 Rfe8 20.c3 Re7 21.Kc2 e5 22.Be3 Rf8
23.Bc8  1-0

[Event "Open"]
[Site "Pune IND"]
[Date "2004.09.06"]
[Round "4"]
[White "Prasad,D"]
[Black "Fominyh,A"]
[Result "1/2-1/2"]
[WhiteElo "2381"]
[BlackElo "2546"]

1.e4 c5 2.Nf3 e6 3.d4 cxd4 4.Nxd4 Nc6 5.Nc3 a6 6.Nxc6 bxc6 7.Bd3 d5 8.O-O Nf6
9.e5 Nd7 10.f4 Be7 11.Na4 c5 12.c4 d4 13.Be4 Ra7 14.Bd2 Qc7 15.Qe1 a5 16.b3 O-O
17.Rb1 f5 18.exf6 Nxf6 19.Bf3 Bd6 20.g3 Bd7 21.Nb2 e5 22.fxe5 Bxe5 23.Bg2 Bd6
24.Nd3 Re8 25.Qf2 Qc8 26.Rbe1 Rf8 27.Bf4 Bf5 28.Bxd6 Bxd3 29.Bxf8 Qxf8 30.Bd5+ Kh8
31.Bc6 Qg8 32.Re8 Nxe8 33.Bd5 Bxf1 34.Bxg8 Kxg8 35.Qf7+  1/2-1/2

[Event "TCh-CRO"]
[Site "Rabac CRO"]
[Date "2004.09.06"]
[Round "2"]
[White "Saric,Ib"]
[Black "Kuljasevic,D"]
[Result "1-0"]
[WhiteElo "2413"]
[BlackElo "2413"]

1.e4 c5 2.Nf3 Nc6 3.Nc3 e6 4.d4 cxd4 5.Nxd4 Nf6 6.Nxc6 bxc6 7.Bd3 d5 8.O-O Be7
9.Re1 O-O 10.Qf3 Re8 11.Bf4 Qb6 12.e5 Nd7 13.Na4 Qa5 14.b3 Ba6 15.c4 dxc4
16.Be4 Rac8 17.Re3 g6 18.Qg3 Bf8 19.Rd1 Red8 20.Bg5 f6 21.Qh3 Nc5 22.Rde1 fxg5
23.Nxc5 Qxc5 24.Qxe6+ Kh8 25.Rh3 Qe7 26.Qxg6 Rc7 27.Qf5 Bc8 28.e6 h6 29.Qe5+ Kg8
30.Rhe3 Rd6 31.Bf5 Bg7 32.Qe4 c3 33.h4 Rd4 34.Bh7+ Kh8 35.Qg6 Rxh4 36.Rxc3 Rf4
37.Rce3 Rf6 38.Qd3 Bf8 39.Bf5 Qc5 40.Re5 Qe7 41.g4 c5 42.Qc3 Kg8 43.Qc4 Rc6
44.Qd5 Rd6 45.Qxc5 Bxe6 46.Bxe6+ Rfxe6 47.Rxe6 Rxe6 48.Qd5 Kf7 49.Qf5+ Rf6
50.Rxe7+ Bxe7 51.Qd5+  1-0

[Event "TCh-SCG Women"]
[Site "Budva SCG"]
[Date "2004.09.08"]
[Round "1"]
[White "Eric,D"]
[Black "Djukic,Sa"]
[Result "1/2-1/2"]
[WhiteElo "2190"]
[BlackElo "2029"]

1.e4 c5 2.Nf3 Nc6 3.Nc3 e6 4.d4 cxd4 5.Nxd4 Qc7 6.Be3 a6 7.Qd2 Nf6 8.O-O-O Bb4
9.f3 Ne5 10.Nb3 b5 11.Qe1 Nc4 12.Bd4 Bb7 13.Kb1 Rc8 14.Bd3 Be7 15.Qg3 Qxg3
16.hxg3 d6 17.g4 e5 18.Bf2 O-O 19.Rh2 Ne8 20.Rdh1 h6 21.Bxc4 Rxc4 22.Na5 Rc7
23.Nxb7 Rxb7 24.Nd5 f6 25.Rd1 Kf7 26.Bb6 Rh8 27.Rd3 Rb8 28.Rc3 Ke6 29.Rc6 Kd7
30.Nxe7 Kxe7 31.Ba7 Rb7 32.Be3 Nc7 33.Rh1 Kd7 34.Rc3 Rc8 35.Rd1 Ne8 36.Ra3 Rc6
37.Rb3 Kc7 38.Rd5 Rc4 39.Bd2 Rc6 40.Ba5+ Kd7 41.Bb4 Ke6 42.Rd1 Rd7 43.Ra3 Nc7
44.Rad3 Ne8 45.b3 Nc7 46.Kb2 Ne8 47.Ra1 g6 48.Rh1 Rh7 49.Bd2 h5 50.gxh5 gxh5
51.g4 Ng7 52.Bb4 Rh8 53.Rd2 Ra8 54.Rg2 hxg4 55.Rxg4 Ne8 56.Rh8 Nc7 57.Rxa8 Nxa8
58.Rg8 Nb6 59.Re8+ Kf7 60.Rh8 Ke6  1/2-1/2

[Event "8th WUCC"]
[Site "Instanbul TUR"]
[Date "2004.09.08"]
[Round "5"]
[White "Kulaots,K"]
[Black "Aroshidze,L"]
[Result "0-1"]
[WhiteElo "2593"]
[BlackElo "2401"]

1.e4 c5 2.Nf3 e6 3.d4 cxd4 4.Nxd4 Nc6 5.Nc3 Qc7 6.Be3 a6 7.Qd2 Nf6 8.O-O-O Bb4
9.f3 Ne5 10.Nb3 b5 11.Qe1 Be7 12.f4 Ng6 13.e5 Ng4 14.Bd2 Bb7 15.h3 Nh6 16.Ne4 Nf5
17.Bd3 Rc8 18.Ba5 Qc6 19.Rf1 h5 20.g4 hxg4 21.hxg4 Rh3 22.Kb1 Ne3 23.Nf2 Bh4
24.Be4 Qxe4 25.Nxe4 Bxe4 26.Qd2 Bxc2+ 27.Ka1 Nxd1 28.Qg2 Rd3 29.Qb7 Ne7 30.Bb4 Bxb3
31.axb3 Rc1+ 32.Ka2 Nc6 33.Qa8+ Bd8 34.Be1 Rh3 35.f5 Ne3 36.fxe6 fxe6  0-1

[Event "TCh-SCG Men"]
[Site "Budva SCG"]
[Date "2004.09.09"]
[Round "2"]
[White "Brenjo,S"]
[Black "Vukic,M"]
[Result "1-0"]
[WhiteElo "2468"]
[BlackElo "2483"]

1.e4 c5 2.Nc3 Nc6 3.Nf3 e6 4.d4 cxd4 5.Nxd4 Nf6 6.a3 d5 7.Bb5 Bd7 8.exd5 exd5
9.O-O Be7 10.Re1 O-O 11.Bg5 a6 12.Bf1 Nxd4 13.Qxd4 Be6 14.Bd3 h6 15.Bh4 Rc8
16.b4 Re8 17.Na4 g5 18.Bg3 Nd7 19.Qa7 b5 20.Qxa6 Bf6 21.Qxb5 Bxa1 22.Rxa1 Qf6
23.Rf1 Ra8 24.h3 Red8 25.Nb6 Nxb6 26.Qxb6 Rxa3 27.f4 gxf4 28.Rxf4 Qe7 29.Bh4 Rd6
30.Qf2 Qa7 31.Rd4 f5 32.Kh2 Rd7 33.Bg3 Rf7 34.Qf4 Kh7 35.Qe5 Qe7 36.b5 Ra7
37.Rf4 Qf6 38.Qxf6 Rxf6 39.Bf2 Rb7 40.g4 Kg6 41.b6 Bd7 42.Bd4 Rf7 43.h4 h5
44.g5 Re7 45.Rf1 Bc8 46.Ra1 Re6 47.Ra8 Rc6 48.Kg3 Be6 49.Rf8 Kh7 50.Rh8+  1-0

[Event "TCh-CRO u20"]
[Site "Rabac CRO"]
[Date "2004.09.09"]
[Round "5"]
[White "Ciganovic,N"]
[Black "Bosiocic,Mari"]
[Result "1/2-1/2"]
[WhiteElo "2179"]
[BlackElo "2308"]

1.e4 c5 2.Nf3 e6 3.d4 cxd4 4.Nxd4 Nc6 5.Nc3 Qc7 6.Be3 a6 7.Bd3 Nf6 8.O-O Bd6
9.h3 b5 10.a3 Bb7 11.Qe2 Bh2+ 12.Kh1 Be5 13.Nb3 O-O 14.f4 Bxc3 15.bxc3 d5
16.Nc5 Nxe4 17.Nxe4 dxe4 18.Bxe4 Ne7 19.Bd4 Bxe4 20.Qxe4 Nf5 21.Rf3 Rfd8
22.Rb1 Rd5 23.Be5 Qc6 24.Rd3 Rad8 25.Kh2 Qc5 26.Rxd5 Qxd5 27.Qxd5 exd5 28.a4 f6
29.Bd4 bxa4 30.Ra1 Rc8 31.Rxa4 Rc6 32.Ra5 Ne7 33.Bc5 Kf7  1/2-1/2

[Event "TCh-SCG Women"]
[Site "Budva SCG"]
[Date "2004.09.10"]
[Round "3"]
[White "Brajic,Ma"]
[Black "Tuvic,N"]
[Result "0-1"]
[WhiteElo "1888"]
[BlackElo "2049"]

1.e4 c5 2.Nf3 e6 3.d4 cxd4 4.Nxd4 Nc6 5.Nc3 Qc7 6.Be2 a6 7.O-O Nf6 8.Kh1 h5
9.f4 Nxd4 10.Qxd4 b5 11.Bf3 Bb7 12.Be3 Rc8 13.a3 Ng4 14.Bxg4 hxg4 15.Qd1 b4
16.axb4 Bxb4 17.Bd4 Bxc3 18.Bxc3 g3 19.h3 Bxe4 20.Qg4 Rh6 21.Rae1 Qb7 22.Re2 Rc5
23.f5 Bd5 24.Qxg7 Rxh3+ 25.Kg1 Rc4 26.Bd4 Rxd4 27.Qxd4 Rh2 28.fxe6 fxe6 29.Qc5 d6
30.Qe3 Rh1+  0-1

[Event "TCh-SCG Women"]
[Site "Budva SCG"]
[Date "2004.09.10"]
[Round "3"]
[White "Stojanovic,Mari"]
[Black "Stojanovic,An"]
[Result "1/2-1/2"]
[WhiteElo "2165"]
[BlackElo "2136"]

1.e4 c5 2.Nf3 Nc6 3.Nc3 e6 4.d4 cxd4 5.Nxd4 Nf6 6.Be3 a6 7.Be2 Qc7 8.a3 Be7
9.O-O d6 10.Kh1 O-O 11.f4 Bd7 12.Nb3 b5 13.Bf3 Rab8 14.Qe2 Bc8 15.g4 Bb7
16.g5 Nd7 17.Bg2 b4 18.axb4 Nxb4 19.Nd4 d5 20.e5 Bc5 21.Qf2 Rbc8 22.Rad1  1/2-1/2

[Event "3rd Autumn"]
[Site "Alushta UKR"]
[Date "2004.09.11"]
[Round "3"]
[White "Paragua,M"]
[Black "Alexandrova,O"]
[Result "1-0"]
[WhiteElo "2529"]
[BlackElo "2423"]

1.e4 c5 2.Nf3 e6 3.d4 cxd4 4.Nxd4 Nc6 5.Nc3 Qc7 6.Be2 Nf6 7.O-O a6 8.Be3 Be7
9.f4 d6 10.a4 O-O 11.Kh1 Bd7 12.Qe1 Rac8 13.Qg3 d5 14.e5 Ne4 15.Nxe4 dxe4
16.c3 Nxd4 17.Bxd4 Bc5 18.Rfd1 Rfd8 19.Bxc5 Qxc5 20.Rd6 Be8 21.b4 Qc7 22.Rxd8 Rxd8
23.Qe3 Qd7 24.h3 Qd2 25.Qb6 e3 26.Kh2 Rc8 27.Qxb7 Qxc3 28.Ra3 Qc1 29.Ra1 Qc3
30.b5 g5 31.bxa6 gxf4 32.Rf1 Rc7 33.Qb8 Qxe5 34.Qxe8+ Kg7 35.Rf3 Qd4 36.Qb5 e5
37.a5 Qd6 38.Rf1 Rc5 39.Qb6 Rc6 40.Qb2 Rc5 41.Rxf4 Rxa5 42.Rg4+ Kh6 43.Qc1 e4+
44.g3 Ra3 45.a7 f5 46.a8=Q Rxa8 47.Qxe3+ f4 48.Rxf4 Ra3 49.Rf6+ Kg7 50.Qh6+  1-0

[Event "TCh-SCG Women"]
[Site "Budva SCG"]
[Date "2004.09.11"]
[Round "4"]
[White "Peptan,C"]
[Black "Urosevic,M"]
[Result "1-0"]
[WhiteElo "2429"]
[BlackElo "2019"]

1.e4 c5 2.Nf3 e6 3.Nc3 Nc6 4.d4 cxd4 5.Nxd4 Qc7 6.Be3 a6 7.Bd3 Nf6 8.O-O h5
9.h3 b5 10.a3 Bb7 11.Nb3 Ne5 12.f4 Nc4 13.Bxc4 bxc4 14.Nd2 d6 15.Qe2 Rc8
16.Bf2 Be7 17.Rad1 Kf8 18.Rfe1 Nd7 19.Nf3 Nb6 20.Qe3 Nd7 21.Rd2 Qb8 22.f5 Rh6
23.Bg3 h4 24.Bf4 Rh8 25.fxe6 fxe6 26.Red1 Ne5 27.Bg5 Nf7 28.Bxe7+ Kxe7 29.Ng5 Rcd8
30.Nxf7 Kxf7 31.Qf4+ Ke7 32.Qg5+ Kf7 33.Rf2+ Kg8 34.Qe7 Rh6 35.Rf7 Bc6 36.Rxg7+ Kh8
37.Qg5  1-0

[Event "TCh-SCG Men"]
[Site "Budva SCG"]
[Date "2004.09.11"]
[Round "4"]
[White "Marjanovic,Slavo"]
[Black "Zivanic,M"]
[Result "1/2-1/2"]
[WhiteElo "2470"]
[BlackElo "2435"]

1.e4 c5 2.Nf3 e6 3.d4 cxd4 4.Nxd4 Nc6 5.Nc3 Qc7 6.Be2 a6 7.O-O Nf6 8.Be3 Bb4
9.Na4 O-O 10.Nxc6 bxc6 11.Bd3 Rb8 12.c4 Be7 13.Rc1 d6 14.f4 e5 15.f5 Qd8
16.Qf3 d5 17.b3 Bb7 18.Bb6 Qd7 19.Rfd1 Ba8 20.Kh1 Bd8 21.Bc5 Re8 22.Qe2 a5
23.Nc3 Be7 24.Bxe7 Qxe7 25.cxd5 cxd5 26.exd5 Bxd5 27.Nxd5  1/2-1/2

[Event "2nd Chiuso GM"]
[Site "Rome ITA"]
[Date "2004.09.11"]
[Round "1"]
[White "Djuric,S"]
[Black "Collutiis,D"]
[Result "1/2-1/2"]
[WhiteElo "2511"]
[BlackElo "2387"]

1.e4 c5 2.Nf3 Nc6 3.Nc3 e6 4.d4 cxd4 5.Nxd4 Qc7 6.g3 a6 7.Bg2 Nf6 8.O-O Be7
9.Re1 O-O 10.Nce2 Bc5 11.Rf1  1/2-1/2

[Event "TCh-SCG 2nd Liga"]
[Site "Sutomore SCG"]
[Date "2004.09.12"]
[Round "5"]
[White "Parligras,M"]
[Black "Radonjic,G"]
[Result "1-0"]
[WhiteElo "2564"]
[BlackElo "2151"]

1.e4 c5 2.Nf3 e6 3.d4 cxd4 4.Nxd4 Nc6 5.Nc3 a6 6.Nxc6 bxc6 7.Bd3 d5 8.O-O Nf6
9.Qe2 Be7 10.e5 Nd7 11.Na4 Qc7 12.f4 Bb7 13.c4 d4 14.Be4 c5 15.b3 Ra7 16.Nb2 a5
17.Bd2 Nb8 18.Bxb7 Qxb7 19.f5 exf5 20.Rxf5 Ra6 21.Raf1 O-O 22.Nd3 Qd7 23.Qf3 Qe6
24.Qe4 g6 25.R5f4 Nd7 26.Qe1 a4 27.Re4 Nb6 28.Bh6 Re8 29.h4 axb3 30.axb3 Ra3
31.Qd1 Qc6 32.Qf3 Qe6 33.Rf4 Bf8 34.Bxf8 Rxf8 35.Rf6  1-0

[Event "TCh-SCG Men"]
[Site "Budva SCG"]
[Date "2004.09.13"]
[Round "6"]
[White "Marjanovic,Slavo"]
[Black "Vukic,M"]
[Result "1-0"]
[WhiteElo "2470"]
[BlackElo "2483"]

1.e4 c5 2.Nf3 e6 3.Nc3 Nc6 4.d4 cxd4 5.Nxd4 Nf6 6.Ndb5 d6 7.Bf4 e5 8.Bg5 a6
9.Na3 b5 10.Bxf6 gxf6 11.Nd5 f5 12.Bd3 Be6 13.O-O Bxd5 14.exd5 Ne7 15.Re1 Bg7
16.c3 Qd7 17.Nc2 h5 18.a4 bxa4 19.Nb4 a5 20.Qxa4 Qxa4 21.Rxa4 O-O 22.Rea1 e4
23.Be2 axb4 24.Rxa8 bxc3 25.Rxf8+ Bxf8 26.bxc3 h4 27.c4 Ng6 28.Ra8 Kg7 29.Re8 Nf4
30.Kf1 f6 31.Rd8 Ng6 32.c5 dxc5 33.d6 Ne5 34.d7  1-0

[Event "TCh-SCG 2nd Liga"]
[Site "Sutomore SCG"]
[Date "2004.09.13"]
[Round "6"]
[White "Podlesnik,B"]
[Black "Mijovic,S"]
[Result "1-0"]
[WhiteElo "2363"]
[BlackElo "2186"]

1.e4 c5 2.Nc3 Nc6 3.Nf3 e6 4.d4 cxd4 5.Nxd4 d6 6.Be3 Nf6 7.f4 Be7 8.Qf3 a6
9.O-O-O Qc7 10.g4 Nxd4 11.Bxd4 e5 12.fxe5 dxe5 13.Qg3 Bd6 14.Be3 Be6 15.Bb5+ Kf8
16.g5 Nh5 17.Qf2 Rc8 18.Ba4 Nf4 19.Bb3 Ke7 20.Kb1 Rhe8 21.Bb6 Qb8 22.Qh4 Bxb3
23.axb3 g6 24.Be3 Nh5 25.Nd5+ Kf8 26.Rhf1 Kg8 27.Rf3 Rf8 28.Rdf1 Rcd8 29.Nf6+ Nxf6
30.gxf6  1-0

[Event "3rd Autumn"]
[Site "Alushta UKR"]
[Date "2004.09.14"]
[Round "7"]
[White "Vokarev,S"]
[Black "Geller,J"]
[Result "1-0"]
[WhiteElo "2529"]
[BlackElo "2484"]

1.e4 c5 2.Nf3 e6 3.d4 cxd4 4.Nxd4 Nc6 5.Nc3 Qc7 6.Be3 a6 7.Qd2 Nf6 8.O-O-O Bb4
9.f3 Ne5 10.Nb3 b5 11.Qe1 Be7 12.f4 Nc4 13.e5 Ng4 14.Bd4 Bb7 15.Bd3 d6 16.Qg3 dxe5
17.fxe5 h5 18.h3 Nh6 19.Kb1 g6 20.Qf2 Nf5 21.Bc5 Nxe5 22.Bxf5 gxf5 23.Bxe7 Kxe7
24.Rhe1 f6 25.Ne2 Rac8 26.Nf4 Rhd8 27.Nd4 Rxd4 28.Rxd4 Be4 29.Re2 Rd8 30.Rxd8 Qxd8
31.Rd2 Qc7 32.Qg3 Qc4 33.Qg7+ Ke8 34.Qg8+ Ke7 35.Ng6+  1-0

[Event "ch-Euro Seniors"]
[Site "Arvier ITA"]
[Date "2004.09.14"]
[Round "5"]
[White "Saunina,L"]
[Black "Sorokina,T"]
[Result "1-0"]
[WhiteElo "2282"]
[BlackElo "2154"]

1.e4 c5 2.Nf3 e6 3.d4 cxd4 4.Nxd4 Nc6 5.Nc3 Qc7 6.Be2 a6 7.O-O Nf6 8.Be3 b5
9.a3 Bb7 10.f4 Rc8 11.e5 Nxd4 12.Bxd4 Nd5 13.Kh1 g6 14.Bd3 Nxc3 15.Bxc3 Be7
16.Qg4 h5 17.Qe2 Rg8 18.Bb4 Bd5 19.Rac1 Bc4 20.Qd2 Bxb4 21.axb4 g5 22.Bxc4 bxc4
23.Rcd1 g4 24.Qf2 c3 25.b3 Qd8 26.f5 Qe7 27.Rd6 exf5 28.Qxf5 Rg5 29.Qh7 Rc6
30.Rdf6 Kd8 31.Rxf7 Qe6 32.Rd1  1-0

[Event "ch-Euro Seniors"]
[Site "Arvier ITA"]
[Date "2004.09.16"]
[Round "7"]
[White "Klovans,J"]
[Black "Jakobsen,O"]
[Result "1-0"]
[WhiteElo "2456"]
[BlackElo "2379"]

1.e4 c5 2.Nf3 e6 3.d4 cxd4 4.Nxd4 Nc6 5.Nc3 Qc7 6.Be2 a6 7.O-O b5 8.Nxc6 dxc6
9.Be3 e5 10.a4 b4 11.Nb1 Nf6 12.Nd2 Be7 13.a5 c5 14.Bc4 O-O 15.Qe2 Bb7 16.f3 h6
17.Rfd1 Rfd8 18.Nb3 Qc6 19.Qf2 Rd4 20.Bxd4 cxd4 21.Bd3 Rc8 22.Nd2 Nd7 23.Nc4 Qe6
24.Qe2 Bg5 25.Kh1 Nc5 26.Nb6 Nxd3 27.Qxd3 Rc5 28.Ra4 Rb5 29.Nd5 Bxd5 30.exd5 Qxd5
31.c4 bxc3 32.bxc3 Qb3 33.Rb4 Rxb4 34.cxb4 Qxb4 35.Qxa6 Bd8 36.Qc6 Bxa5 37.Qe8+ Qf8
38.Qxe5 Bb6 39.Qb5 Qc5 40.Qe8+ Qf8 41.Qc6 Qc5 42.Rc1 Qxc6 43.Rxc6 Ba5 44.Rd6 Bc3
45.Rd8+ Kh7 46.Kg1 f5 47.Kf1 Kg6 48.Ke2 Kf6 49.Rf8+ Ke6 50.Kd3 Ba1 51.Rh8 Bc3
52.h3 Ba1 53.g4 fxg4 54.hxg4 Bc3 55.Ke4 Kf7 56.Rc8 Ba1 57.Rc7+ Kf6 58.Rc6+ Ke7
59.Kf5 Bb2 60.Rb6 Bc3 61.Rb7+ Kd6 62.Rxg7 d3 63.Rg6+ Kd5 64.Rxh6 Be1 65.Rh8 Kd4
66.g5 Ke3 67.Re8+ Kf2 68.Rd8 Ke2 69.g6 Bc3 70.f4 d2 71.Ke6 Ke3 72.Rxd2  1-0

[Event "2nd Saipa Cup"]
[Site "Tehran IRI"]
[Date "2004.09.16"]
[Round "5"]
[White "Agamaliev,G"]
[Black "Ghorbani,M"]
[Result "1-0"]
[WhiteElo "2515"]
[BlackElo "2333"]

1.e4 c5 2.Nf3 Nc6 3.Nc3 e6 4.d4 cxd4 5.Nxd4 Qc7 6.Be2 a6 7.O-O Nf6 8.Kh1 Nxd4
9.Qxd4 Bc5 10.Qd3 b5 11.f4 Bb7 12.Bf3 h5 13.e5 Ng4 14.Bxb7 Qxb7 15.Ne4 Rc8
16.Bd2 Be7 17.a3 Qd5 18.Bb4 Qxd3 19.cxd3 f6 20.d4 Ne3 21.Rac1 Kf7 22.Bxe7 Kxe7
23.Nd6 Rxc1 24.Rxc1 h4 25.Kg1 Nd5 26.g3 hxg3 27.hxg3 Rf8 28.Rc2 b4 29.Rh2 Rg8
30.Kf2 f5 31.a4 b3 32.Kf3 Nb4 33.Ke3 Rb8 34.Rh7 Rg8 35.Kd2 Nd5 36.Kd3 Nb6
37.a5 Na4 38.Kc4 Nxb2+ 39.Kxb3 Nd1 40.Kc4 Ne3+ 41.Kc5 Nf1 42.Kb6 Nxg3 43.Kxa6 Ne2
44.Kb7 Nxd4 45.a6 Nb3 46.a7 Nc5+ 47.Kb6 Na4+ 48.Kc7 Ra8 49.Kb7  1-0

[Event "3rd Autumn"]
[Site "Alushta UKR"]
[Date "2004.09.17"]
[Round "11"]
[White "Paragua,M"]
[Black "Geller,J"]
[Result "1/2-1/2"]
[WhiteElo "2529"]
[BlackElo "2484"]

1.e4 c5 2.Nf3 Nc6 3.d4 cxd4 4.Nxd4 e6 5.Nc3 Qc7 6.Be2 a6 7.O-O Nf6 8.Be3 Bb4
9.Na4 Be7 10.Nxc6 bxc6 11.Nb6 Rb8 12.Nxc8 Qxc8 13.Bd4 c5 14.Be5 Rb6 15.Qd3 d6
16.Bc3 O-O 17.b3 d5 18.e5 Nd7 19.f4 c4 20.bxc4 Rc6 21.Qh3 Nb6 22.Rf3 Re8
23.Bd3 g6 24.Raf1 Nxc4 25.Kh1 d4 26.f5 exf5 27.Bxd4 Nd2 28.e6 f6 29.Bxf5 Nxf3
30.gxf3 Rxc2 31.Bxg6 hxg6 32.Qh6 Rxh2+ 33.Kxh2 Qc2+ 34.Kh1 Bf8 35.Qe3 Re7
36.Kg1 Qxa2 37.Re1 Rh7 38.Qf4 Qa5 39.Kf2 Qg5 40.Qxg5 fxg5 41.Ra1 Bg7 42.Ke3 Rh4
43.Bxg7 Kxg7 44.Rxa6 Kf6 45.e7+ Kxe7 46.Rxg6 g4 47.fxg4 Kf7 48.Rg5 Rh1 49.Rb5 Kg6  1/2-1/2

[Event "TCh-SCG Men"]
[Site "Budva SCG"]
[Date "2004.09.17"]
[Round "9"]
[White "Pikula,D"]
[Black "Boskovic,D"]
[Result "1/2-1/2"]
[WhiteElo "2508"]
[BlackElo "2410"]

1.e4 c5 2.Nf3 e6 3.d4 cxd4 4.Nxd4 Nc6 5.Nc3 Qc7 6.Be3 a6 7.Qd2 Nf6 8.f3 Bb4
9.a3 Be7 10.g4 d6 11.g5 Nd7 12.f4 b5 13.Bg2 Bb7 14.Nxc6 Bxc6 15.O-O O-O 16.Rad1 Rfd8
17.Qf2 Re8 18.Qh4 g6 19.Rf3 h5 20.Rh3 Bf8 21.Bf2 a5 22.Bf3  1/2-1/2

[Event "ch-Euro Seniors"]
[Site "Arvier ITA"]
[Date "2004.09.18"]
[Round "9"]
[White "Saunina,L"]
[Black "Jakobsen,O"]
[Result "0-1"]
[WhiteElo "2282"]
[BlackElo "2379"]

1.e4 c5 2.Nf3 e6 3.d4 cxd4 4.Nxd4 Nc6 5.Nc3 Qc7 6.Be2 a6 7.O-O Nf6 8.Kh1 Be7
9.f4 d6 10.a4 O-O 11.Bf3 Re8 12.g4 Nxd4 13.Qxd4 e5 14.Qd1 exf4 15.g5 Nd7
16.Nd5 Qd8 17.Bxf4 Ne5 18.Bh5 Be6 19.Rg1 Rc8 20.Nf6+ Bxf6 21.gxf6 Qxf6 22.Bg5 Qf2
23.Rg2 Qc5 24.Bf6 Ng6 25.Bd4 Qc6 26.Bf3 f6 27.Bc3 Ne5 28.Qd4 Re7 29.Rag1 Rf8
30.Rg3 Rd7 31.R1g2 Rff7 32.Bh5 g6 33.h4 d5 34.Qa7 d4 35.Bxd4 Qxe4 36.Bxe5 fxe5
37.Bg4 Bxg4 38.Rxg4 Rf1+ 39.Kh2 Qe1 40.Rg1 Rxg1 41.Qxg1 Rd2+ 42.Kh3 Qxg1
43.Rxg1 Rxc2 44.Re1 Rxb2 45.Rxe5 Kf7 46.h5 Kf6 47.hxg6 hxg6 48.Rd5 Rb3+ 49.Kg2 Rb4
50.a5 Rb5 51.Rd7 Kg5 52.Rc7 Rxa5 53.Rxb7 Ra3 54.Rc7 a5 55.Rc5+ Kh6 56.Rb5 g5
57.Rc5 Kh5 58.Rd5 Kh4 59.Rd4+ g4 60.Rd2 a4 61.Rd8 Ra2+ 62.Kg1 Kh3 63.Rh8+ Kg3
64.Kf1 Ra1+ 65.Ke2 Kg2 66.Ra8 g3 67.Ra7 a3 68.Ra8 a2 69.Ra7 Rf1  0-1

[Event "TCh-SCG Men"]
[Site "Budva SCG"]
[Date "2004.09.18"]
[Round "10"]
[White "Kalezic,B"]
[Black "Miljkovic,Mih"]
[Result "1-0"]
[WhiteElo "2446"]
[BlackElo "2266"]

1.e4 c5 2.Nf3 Nc6 3.Nc3 e6 4.d4 cxd4 5.Nxd4 Qc7 6.Be2 a6 7.O-O Nf6 8.Kh1 b5
9.Nxc6 dxc6 10.f4 Bb7 11.e5 Rd8 12.Qe1 Nd5 13.Nxd5 cxd5 14.Bd3 g6 15.a4 Bc6
16.axb5 axb5 17.Ra6 Bc5 18.b4 Ba7 19.Qh4 Qb7 20.Qf6 Rg8 21.Ra3 Bd4 22.Qh4 Qe7
23.Qe1 Kf8 24.Qg3 h5 25.f5 exf5 26.Bg5 Qxb4 27.Rb3 Qa5 28.Qh4 Bb6 29.Bh6+ Ke8
30.Qf6 Bd7 31.Rxb5 Bxb5 32.e6 Rd7 33.Bd2 Bd8 34.exd7+  1-0

[Event "Tch-FIN 2004-5"]
[Site "Finland FIN"]
[Date "2004.09.18"]
[Round "1"]
[White "Nouro,M"]
[Black "Franssila,T"]
[Result "0-1"]
[WhiteElo "2341"]
[BlackElo "2279"]

1.e4 c5 2.Nf3 Nc6 3.Nc3 e6 4.d4 cxd4 5.Nxd4 Nf6 6.Nxc6 bxc6 7.e5 Nd5 8.Ne4 Qa5+
9.c3 f5 10.exf6 Nxf6 11.Nxf6+ gxf6 12.Be2 Ba6 13.O-O Bxe2 14.Qxe2 Rg8 15.Be3 Qf5
16.Rad1 Rb8 17.g3 Rb5 18.a4 Qh5 19.Qc4 Rg4 20.Qxg4 Qxg4 21.axb5 c5 22.Ra1 Qe2
23.Rxa7 Qxb5 24.Rd1 d5 25.Rxh7 Qxb2 26.Rc1 e5 27.Ra7 f5 28.Raa1 f4 29.gxf4 d4
30.cxd4 exd4 31.Rab1 Qe2 32.Re1 Qg4+ 33.Kh1 dxe3 34.Rxe3+ Kd7 35.Rg3 Qxf4
36.Rd1+ Kc6 37.Kg2 Qe4+ 38.Rf3 Qg4+  0-1

[Event "Tch-FIN 2004-5"]
[Site "Finland FIN"]
[Date "2004.09.18"]
[Round "1"]
[White "Niemi,K"]
[Black "Kanko,I"]
[Result "1-0"]
[WhiteElo "2209"]
[BlackElo "2268"]

1.e4 c5 2.Nf3 e6 3.d4 cxd4 4.Nxd4 Nc6 5.Nc3 Qc7 6.Be3 a6 7.Qd2 Nf6 8.O-O-O Bb4
9.f3 Ne5 10.Nb3 b5 11.Bd4 Bb7 12.Qg5 Ng6 13.Qg3 Qxg3 14.hxg3 Be7 15.Na5 Bc8
16.e5 Ng8 17.Bd3 d5 18.exd6 e5 19.Bc5 Bg5+ 20.f4 exf4 21.Rhe1+  1-0

[Event "3rd Autumn"]
[Site "Alushta UKR"]
[Date "2004.09.19"]
[Round "14"]
[White "Geller,J"]
[Black "Hasangatin,R"]
[Result "1-0"]
[WhiteElo "2484"]
[BlackElo "2485"]

1.e4 c5 2.Nf3 Nc6 3.d4 cxd4 4.Nxd4 e6 5.Nc3 Bb4 6.Nxc6 dxc6 7.Qxd8+ Kxd8
8.Bf4 Nf6 9.O-O-O+ Ke7 10.f3 Rd8 11.Bd3 Nh5 12.Bd2 Bd6 13.Ne2 e5 14.g4 Nf6
15.Ng3 Be6 16.g5 Nd7 17.Nf5+ Bxf5 18.exf5 Nc5 19.Bc4 b5 20.Be2 g6 21.f6+ Ke8
22.f4 Ne6 23.Rhe1  1-0

[Event "Tch-FIN 2004-5"]
[Site "Finland FIN"]
[Date "2004.09.19"]
[Round "2"]
[White "Lehtinen,A"]
[Black "Kanko,I"]
[Result "1/2-1/2"]
[WhiteElo "2182"]
[BlackElo "2268"]

1.e4 c5 2.Nc3 Nc6 3.Nge2 e6 4.d4 cxd4 5.Nxd4 Qc7 6.Be2 a6 7.O-O Nf6 8.Be3 Be7
9.f4 d6 10.Bf3 O-O 11.Kh1 Nxd4 12.Bxd4 e5 13.Be3 exf4 14.Bxf4 Be6 15.Qd2 Nd7
16.Rad1 Ne5 17.Nd5  1/2-1/2

[Event "5th YM"]
[Site "Lausanne SUI"]
[Date "2004.09.20"]
[Round "3.2"]
[White "Alekseev,Evgeny"]
[Black "Navara,D"]
[Result "1/2-1/2"]
[WhiteElo "2606"]
[BlackElo "2616"]

1.e4 c5 2.Nf3 e6 3.d4 cxd4 4.Nxd4 Nc6 5.Nc3 a6 6.Nxc6 bxc6 7.Bd3 d5 8.O-O Nf6
9.Re1 Be7 10.e5 Nd7 11.Qg4 g6 12.Bh6 Rb8 13.Qh3 Rb4 14.Bg7 Rh4 15.Qg3 Rg8
16.Bf6 Bxf6 17.exf6 g5 18.Qd6 Bb7 19.g3 Rh6 20.Qb4 Bc8 21.Qd6 Bb7 22.Qb4  1/2-1/2

[Event "2nd Saipa Cup"]
[Site "Tehran IRI"]
[Date "2004.09.20"]
[Round "10"]
[White "Mallahi,A"]
[Black "Neverov,V"]
[Result "0-1"]
[WhiteElo "2387"]
[BlackElo "2537"]

1.e4 c5 2.Nc3 e6 3.Nf3 Nc6 4.d4 cxd4 5.Nxd4 Qc7 6.Be3 a6 7.Bd3 Nf6 8.O-O Nxd4
9.Bxd4 Bc5 10.Bxf6 gxf6 11.Kh1 h5 12.f4 b6 13.a3 Bb7 14.Qe2 Bd4 15.Nd1 h4
16.c3 Bc5 17.Nf2 f5 18.Nh3 Rg8 19.Ng5 Be7 20.Nh3 Qc6 21.Rae1 fxe4 22.Bxe4 Qxe4
23.Qxe4 Bxe4 24.Rxe4 f5 25.Rd4 b5 26.Rd3 Rc8 27.g3 hxg3 28.hxg3 Rc4 29.Kg2 d5
30.Nf2 Rxf4 31.Rh1 Bc5 32.Rf3 Rxf3 33.Kxf3 Bxf2 34.Kxf2 Kd7 35.Rh7+ Kc6 36.Re7 Rg6
37.Kf3 a5 38.Kf4  0-1

[Event "ZAZ Cup"]
[Site "Zaporozhye UKR"]
[Date "2004.09.22"]
[Round "4"]
[White "Onoprienko,V"]
[Black "Rogovski,V"]
[Result "0-1"]
[WhiteElo "2374"]
[BlackElo "2486"]

1.e4 c5 2.Nc3 Nc6 3.Nf3 e6 4.d4 cxd4 5.Nxd4 Qc7 6.Be3 a6 7.Qd2 Bb4 8.f3 Nge7
9.O-O-O O-O 10.a3 Ba5 11.Nb3 d5 12.Nxa5 Nxa5 13.Kb1 dxe4 14.Nxe4 Nd5 15.Bf2 b5
16.Bd3 Nc4 17.Bxc4 bxc4 18.Bd4 Bb7 19.Rhe1 e5 20.Bc3 f6 21.Ka1 a5 22.g4 Rfd8
23.Qf2 Nf4 24.Rxd8+ Rxd8 25.h4 Bxe4 26.fxe4 Ne6 27.g5 fxg5 28.Qf5 Nd4 29.Bxd4 exd4
30.hxg5 d3 31.cxd3 cxd3 32.Rh1 g6 33.Qe6+ Qf7 34.Qxf7+ Kxf7 35.Rxh7+ Ke6
36.Rh1 Ke5 37.Kb1 Kxe4 38.Kc1 Kf4 39.Rg1 a4 40.Kd2 Rd5 41.Rc1 Rd4 42.Kc3 d2
43.Rf1+ Ke3 44.Rd1 Rd8  0-1

[Event "IMB Classic"]
[Site "Gausdal NOR"]
[Date "2004.09.23"]
[Round "1"]
[White "Unander,M"]
[Black "Royset,P"]
[Result "1/2-1/2"]
[WhiteElo "2186"]
[BlackElo "2232"]

1.e4 c5 2.Nc3 Nc6 3.Nf3 e6 4.d4 cxd4 5.Nxd4 a6 6.Be2 Qc7 7.Be3 Nf6 8.O-O b5
9.Nxc6 dxc6 10.a3 Bb7 11.f4 c5 12.e5 Nd5 13.Nxd5 Bxd5 14.c4 bxc4 15.Qc2 Be7
16.Bxc4 O-O 17.Rad1 Rfd8 18.Rd3 Bxc4 19.Rxd8+ Rxd8 20.Qxc4 Qb7 21.Bxc5  1/2-1/2